000 00361nam a2200133Ia 4500
008 220217s9999||||xx |||||||||||||| ||und||
020 _a0-13-239070-1
082 _a004.6 COM
100 _aComer, Douglas, E
_91337
245 0 _aComputer netwrks and internets
260 _aPrentice hall
_bNew Jersey
_c1997
300 _b350
650 _aCOMPUTER NETWORK
999 _c170824
_d170824